Traduction Français/Anglais : IV.4. Energy and natural ressources - Statistiques

Statistiques générales
  • Ce quiz a été pris 13 fois
  • Le résultat moyen est 5 sur 50
Statistiques - réponses
Hint Réponse % Correct
un volt a volt
100%
la chaleur heat
100%
hybride hybrid
100%
irresponsable irresponsible
100%
nucléaire nuclear
100%
le pétrole, l’huile oil
100%
consommer to consume
100%
remplir, faire le plein to fill up
100%
recycler to recycle
100%
l'efficacité efficiency
67%
énorme huge
67%
un baril a barrel
50%
radioactif radioactive
50%
la demande the demand
50%
électrique electric(al)
33%
gigantesque gigantic
33%
situer to locate
33%
ultra violet ultraviolet
33%
un rayon a beam / a ray
0%
abondamment abundantly
0%
une bouteille de gaz a gas cylinder
0%
une surabondance a glut
0%
un kilowattheure a kilowatt-hour
0%
un mégawatt a megawatt
0%
un compteur a meter
0%
une pénurie a shortage
0%
un excédent a surplus
0%
qui fonctionne sur piles / sur batterie battery-powered
0%
chauffé au charbon coal-fired
0%
considérablement considerably
0%
le courant current
0%
la diminution, l'épuisement depletion
0%
spectaculaire dramatic
0%
d'une manière spectaculaire dramatically
0%
efficace (qui a de l'effet) effective
0%
efficace (d'un bon rendement) efficient
0%
par l'électricité electrically
0%
épuisé exhausted
0%
limité finite
0%
le combustible fuel
0%
la consommation d'énergie fuel consumption
0%
économique en carburant fuel-efficient
0%
chauffé au gaz gas-fired
0%
planétaire global
0%
mondialement, globalement globally
0%
le chauffage heating
0%
mal éclairé ill-lit
0%
sans effet ineffective
0%
inefficace inefficient
0%
(in) efficacement (in)efficiently
0%
inépuisable inexhaustible
0%
infiniment infinitely
0%
infra rouge infrared
0%
d'une manière irresponsable irresponsibly
0%
la lumière light
0%
l’éclairage lightning
0%
minuscule minute
0%
négligeable negligible
0%
(non) renouvelable (non-) renewable
0%
l’essence petrol
0%
abondant plentiful / abundant
0%
polluant polluting
0%
l’énergie power
0%
la pression pressure
0%
primaire primary
0%
sûr safe
0%
la sécurité safety
0%
rare scarce
0%
à peine scarcely
0%
le manque scarcity
0%
secondaire secondary
0%
autosuffisant self-sufficient
0%
d'une manière significative significantly
0%
la vapeur steam
0%
soutenable sustainable
0%
l'offre the supply
0%
le rendement the yield
0%
bouillir to boil
0%
brûler to burn
0%
recueillir to collect
0%
préserver to conserve
0%
transformer to convert
0%
réduire to cut (down on)
0%
faire un barrage sur to dam
0%
diminuer, réduire to deplete
0%
épuiser to exhaust
0%
extraire to extract / to mine
0%
tomber, baisser to fall
0%
alimenter to fuel
0%
produire to generate
0%
exploiter to harness
0%
chauffer to heat
0%
(s') enflammer to ignite
0%
augmenter to increase
0%
fuir to leak
0%
propulser to power
0%
fournir to provide
0%
rayonner, irradier to radiate
0%
réduire to reduce
0%
raffiner to refine
0%
ravitailler to refuel
0%
compter sur to rely on
0%
retraiter to reprocess
0%
(venir à) manquer de to run out of
0%
économiser to save
0%
monter en flèche to soar
0%
dilapider to squander
0%
stocker to store
0%
fournir, approvisionner to supply
0%
changer pour, passer à to switch to
0%
exploiter, utiliser to tap
0%
déclencher to trigger
0%
se tourner vers to turn to
0%
gaspiller to waste
0%
produire, rapporter to yield
0%
peu sûr, dangereux unsafe
0%
la tension voltage
0%
le gaspillage waste
0%
gaspilleur, peu économique wasteful
0%
bien éclairé well-lit
0%
Aucun quiz correspondant
Distribution des résultats
% des personnes avec chaque résultat
Percentile par nombre de réponses
Votre historique - résultats
Vous n’avez pas pris ce quiz